000 00667nam a2200289Ia 4500
005 20260324111330.0
008 008 260324s9999 xx 000 0 eng d
020 _a9781003615569
037 _aEBOOK
040 _aCRL
040 _beng
040 _cCRL
041 _2eng
041 _aeng
084 _qCRL
100 _aR. Mohan
_9846909
245 0 _aIndia’s Federal Setup
245 2 _bA Journey Through Seven Decades
260 _bTaylor and Francis
260 _c2025
365 _a
365 _b230
856 _uhttp://www.taylorfrancis.com/books/9781003615569
942 _cEBOOK
999 _c1726903
_d1726903